A historical geography of the British colonies. (Record no. 552664)
[ view plain ]
| 000 -LEADER | |
|---|---|
| fixed length control field | 00571cam a2200157I 4500 |
| 082 ## - DEWEY DECIMAL CLASSIFICATION NUMBER | |
| Classification number | 914.1 |
| Author Mark | LUC |
| 100 1# - MAIN ENTRY--PERSONAL NAME | |
| Personal name | Lucas, Charles Prestwood, |
| 9 (RLIN) | 49477 |
| 245 12 - TITLE STATEMENT | |
| Title | A historical geography of the British colonies. |
| 260 ## - PUBLICATION, DISTRIBUTION, ETC. | |
| Place of publication, distribution, etc. | Oxford, |
| Name of publisher, distributor, etc. | The Clarendon Press, |
| Date of publication, distribution, etc. | 1888- |
| 300 ## - PHYSICAL DESCRIPTION | |
| Extent | v. |
| Other physical details | maps (part fold.) fold. diagr. |
| Dimensions | 19 cm. |
| 505 2# - FORMATTED CONTENTS NOTE | |
| Formatted contents note | The Bermudas.--The West Indian Dependencies of Great Britain.--The Falkland Islands and South Georgia. |
| 526 ## - STUDY PROGRAM INFORMATION NOTE | |
| Program name | 0 |
| Interest level | 0 |
| Reading level | 0 |
| Title point value | 914_100000000000000_LUC |
| 650 #0 - SUBJECT ADDED ENTRY--TOPICAL TERM | |
| Topical term or geographic name entry element | Historical geography. |
| 9 (RLIN) | 47033 |
| 650 #0 - SUBJECT ADDED ENTRY--TOPICAL TERM | |
| Topical term or geographic name entry element | MCE |
| 9 (RLIN) | 379 |
| 942 ## - ADDED ENTRY ELEMENTS (KOHA) | |
| Source of classification or shelving scheme | |
| Koha item type | Book |
| Withdrawn status | Lost status | Source of classification or shelving scheme | Damaged status | Not for loan | Permanent Location | Current Location | Shelving location | Date acquired | Total Checkouts | Full call number | Barcode | Date last seen | Price effective from | Koha item type |
|---|---|---|---|---|---|---|---|---|---|---|---|---|---|---|
| Military College of Engineering (MCE) | Military College of Engineering (MCE) | 01/20/2015 | 914.1 LUC | MCE-ECH/57 | 01/20/2015 | 01/20/2015 | Book |
